000 00578nam a2200181Ia 4500
003 OSt
005 20240528142701.0
008 210210b1954 xxu||||| |||| 00| 0 eng d
040 _cAL
041 _akan
082 _a853/379
100 _aRAMARAV (M)
_9161758
_dರಾಮರಾವ್ (ಎಂ)
245 _aAredinada abbara mattu udaranimittam
_bಅರೆದಿನದ ಅಬ್ಬರ ಮತ್ತು ಉದರನಿಮಿತ್ತಂ
260 _aBengaluru
_bSatyashodhana Prakatana Mandira
_c1954
690 _aKannada Drama
_9161759
906 _a019654
942 _2ddc
_cBK
999 _c143795
_d143795